Step by step massage

Bibliographic Details
Main Author: McGilvery, Corole
Other Authors: Reed, Jimi
Format: Book
Published: London : Ultimate Editions , 1995
Subjects:

MARC

LEADER 00000cam a2200000 7i4500
001 0000008672
002 000009451
005 20000330.0
020 |a 1873762917 
090 0 0 |a 615.822   |b MCG 
100 1 |a McGilvery, Corole 
245 1 0 |a Step by step massage   |c Carole McGilvery 
260 |a London :   |b Ultimate Editions ,   |c 1995 
300 |a 96p. :   |b ill ;   |c 30cm. 
650 0 0 |a Massage 
700 1 |a Reed, Jimi 
999 |a 046854   |b BUKU   |c PINJAMAN   |e PERPUSTAKAAN KOMUNITI CAW KOTA DAMANSARA 
999 |a 048873   |b BUKU   |c PINJAMAN   |e PERPUSTAKAAN KOMUNITI PETALING JAYA